NBA 2k21 all-time OKC Thunder - Statistics

General Stats
  • This quiz has been taken 175 times
  • The average score is 7 of 15
Answer Stats
Overall Player % Correct
95 Russell Westbrook
99%
97 Kevin Durant
98%
95 Gary Payton
86%
90 Shawn Kemp
78%
95 Ray Allen
65%
92 Paul George
63%
89 Jack Sikma
40%
87 Detlef Schrempf
35%
91 Dennis Johnson
34%
89 Gus Williams
29%
89 Rashard Lewis
27%
88 Dale Ellis
23%
89 Spencer Haywood
22%
88 Fred Brown
18%
87 Xavier McDaniel
18%
No matching quizzes found
Score Distribution
Percent of People with Each Score
Percentile by Number Answered
Your Score History
You have not taken this quiz